000 00548nam a2200181Ia 4500
008 090124s9999 xx 000 0 und d
082 _b44953
100 _aडहाळे संजय
245 _a किस्से रंगकर्मीचे
250 _a1
260 _c2006
300 _a138
600 _aडहाळे संजय
630 _a किस्से रंगकर्मीचे
700 _aडहाळे संजय
730 _a किस्से रंगकर्मीचे
942 _cBOOK
999 _c111175
_d111175